000 00543nam a2200217Ia 4500
003 OSt
005 20220924142143.0
006 a|||||r|||| 00| 0
007 ta
008 220923b |||||||| |||| 00| 0 ben d
024 _a300578
037 _cTextual
040 _aARTS
_cARTS
_bben
041 _2ben
_aben
082 _aV2y7M69, 158N7
100 _aSatirtha S.
_9212959
245 0 _aGandhibadar nawamulyayan
650 _aHISTORY
942 _hV2y7M69, 158N7
_cTEXL
_2CC
999 _c449462
_d449462